Korean studies in India and South Asia / (Record no. 73809)

MARC details
000 -LEADER
fixed length control field 00817nam a22002417a 4500
005 - DATE AND TIME OF LATEST TRANSACTION
control field 2013022200480.0
008 - FIXED-LENGTH DATA ELEMENTS--GENERAL INFORMATION
fixed length control field 130222t xxu||||| |||| 00| 0 eng d
010 ## - LCCN (DPL NO)
LC control number ENG-106715
020 ## - INTERNATIONAL STANDARD BOOK NUMBER
International Standard Book Number 97893783141
Terms of availability 800.00
035 ## - SYSTEM CONTROL NUMBER
System control number EN-90248
037 ## - SOURCE OF ACQUISITION
Source of stock number/acquisition DBAD / PUB
040 ## - CATALOGING SOURCE
Original cataloging agency dpl
Language of cataloging English
082 ## - DEWEY DECIMAL CLASSIFICATION NUMBER
Classification number 000
100 ## - MAIN ENTRY--PERSONAL NAME
9 (RLIN) 55100
245 ## - TITLE STATEMENT
Title Korean studies in India and South Asia /
Statement of responsibility, etc edited by Neerja Samajdar
260 ## - PUBLICATION, DISTRIBUTION, ETC. (IMPRINT)
Place of publication, distribution, etc New Delhi
Name of publisher, distributor, etc Manak Publications
Date of publication, distribution, etc 2012
270 ## - ADDRESS
Address B-7, Saraswati Complex, Subhash Chowk, Laxmi Nagar
City New Delhi
Postal code 110092
300 ## - PHYSICAL DESCRIPTION
Extent 215p.
Dimensions 22cm(Hb)
650 ## - SUBJECT ADDED ENTRY--TOPICAL TERM
9 (RLIN) 55101
700 ## - ADDED ENTRY--PERSONAL NAME
9 (RLIN) 55201
Personal name Samajdar, Neerja, ed.
942 ## - ADDED ENTRY ELEMENTS (KOHA)
Source of classification or shelving scheme Dewey Decimal Classification
Item type English Books
Call number suffix KOR
Classification part 000
Holdings
Withdrawn status Lost status Source of classification or shelving scheme Damaged status Not for loan Collection code Home library Current library Date acquired Source of acquisition Cost, normal purchase price Total Checkouts Full call number Barcode Date last seen Copy number Cost, replacement price Koha item type
    Dewey Decimal Classification     Non-fiction D.B.Act.Division D.B.Act.Division 22/02/2013 DBAD / PUB 800.00   000 KOR EN-90248 22/02/2013 1 800.00 English Books

© Delhi Public Library
Hit Counter
free hit counter